| 000 | 00890cam a2200205 a 4500 | ||
|---|---|---|---|
| 999 |
_c58276 _d58276 |
||
| 001 | 15216130 | ||
| 005 | 20211020124510.0 | ||
| 008 | 080312s2007 caua 001 0 eng d | ||
| 020 | _a9788779897489 | ||
| 041 | _aeng | ||
| 080 | _a299.93 H-88 | ||
| 100 | 1 |
_aHubbard, L. Ron _q _d _912506 |
|
| 245 | 1 | 0 |
_aScientology, a history of man : _ba list and description of the principal incidents to be found in a human being / _cby L. Ron Hubbard. |
| 264 |
_aLos Angeles : _bNew Era, _c2007. |
||
| 300 |
_a247 p. : _bill. ; _c25 cm. |
||
| 440 |
_aA Scientology Publication _912670 |
||
| 653 | _aa list and description of the principal incidents to be found in a human being | ||
| 653 | _aადამიანებში აღმოჩენილი ძირითადი ინციდენტების ჩამონათვალი და აღწერა | ||
| 942 |
_2udc _cBK |
||